000 00438cam6a220016900 4500
001 tmp15759315
003 UPRA
005 20190819091658.0
008 951023s1973 xx eng u
035 _a(Sirsi) r42389
035 _a(UPRA)tmp15759315
040 _cUPRA
245 0 4 _aThe human biology of aborigines in Cape York.
260 _c1973.
949 _aQP33.5
_wlcc
_i33729000294111
_mMAIN
_p2500
_tBOOK
_lON-SHELF
004 42389
999 _c95778
_d95778